[Event "Hoogeveen op 25th"]
[Site "Hoogeveen"]
[Date "2022.10.21"]
[Round "8"]
[White "Wolters, Vincent"]
[Black "Godding, Mick"]
[Result "0-1"]
[WhiteElo "1882"]
[BlackElo "1831"]
[PlyCount "82"]
[EventDate "2022.10.15"]
[EventType "swiss"]
[EventRounds "9"]
[EventCountry "NED"]
[SourceTitle "CBM 210 Extra"]
[Source "ChessBase"]
[SourceDate "2022.11.30"]
[SourceVersion "1"]
[SourceVersionDate "2022.11.30"]
[SourceQuality "1"]

1. e4 d5 2. exd5 Nf6 3. Nf3 Nxd5 4. d4 Bf5 5. Bd3 Bxd3 6. Qxd3 e6 7. Qb5+ Nc6 8. Qxb7 Ndb4 9. Qb5 Nxc2+ 10. Kd1 N2xd4 11. Nxd4 Qxd4+ 12. Ke2 Qd7 13. Qc4 Nd4+ 14. Kf1 Rd8 15. Nc3 Nc2 16. Rb1 Bb4 17. Bf4 Bxc3 18. Qxc3 Qb5+ 19. Kg1 Nd4 20. Re1 0-0 21. Qd2 Nf3+ 22. gxf3 Rxd2 23. Bxd2 Qxb2 24. Be3 Qf6 25. Kg2 Qg6+ 26. Kh3 Rd8 27. Rhg1 Qf5+ 28. Kg2 Rd5 29. Rb1 h6 30. Rgc1 c5 31. Rb5 g5 32. Rcxc5 Rxc5 33. Rxc5 e5 34. Ra5 g4 35. fxg4 Qxg4+ 36. Kh1 Qf3+ 37. Kg1 Qd1+ 38. Kg2 Qg4+ 39. Kh1 a6 40. Rxa6 Qe4+ 41. Kg1 Qb1+ 0-1

[Event "Hoogeveen op 25th"]
[Site "Hoogeveen"]
[Date "2022.10.19"]
[Round "5"]
[White "Klaren, Duncan"]
[Black "Wolters, Vincent"]
[Result "1-0"]
[WhiteElo "2009"]
[BlackElo "1882"]
[PlyCount "115"]
[EventDate "2022.10.15"]
[EventType "swiss"]
[EventRounds "9"]
[EventCountry "NED"]
[SourceTitle "CBM 210 Extra"]
[Source "ChessBase"]
[SourceDate "2022.11.30"]
[SourceVersion "1"]
[SourceVersionDate "2022.11.30"]
[SourceQuality "1"]

1. e4 e5 2. Nf3 Nc6 3. Bc4 Nf6 4. d3 Be7 5. Nc3 d6 6. 0-0 0-0 7. h3 a6 8. a4 Be6 9. Bxe6 fxe6 10. Re1 Kh8 11. a5 Qe8 12. Ne2 Qg6 13. Ng3 h6 14. c3 Nd7 15. d4 Rab8 16. d5 exd5 17. exd5 Nd8 18. Ra4 Nf7 19. Be3 Bg5 20. Qd2 Bxe3 21. Qxe3 Nc5 22. Rg4 Qd3 23. Nh4 g5 24. Qxd3 Nxd3 25. Ng6+ Kg7 26. Nxf8 Nxe1 27. Ne6+ Kg6 28. h4 Nd3 29. h5+ Kf6 30. Rc4 c5 31. b4 Nf4 32. Ne4+ Ke7 33. Ng7 Nxd5 34. bxc5 dxc5 35. Nf5+ Ke6 36. Nxc5+ Kxf5 37. g4+ Kf6 38. Nd7+ Ke6 39. Nxb8 Nd6 40. Ra4 Ke7 41. c4 Nf6 42. c5 Nb5 43. Rc4 Kd8 44. c6 Kc7 45. Nd7 Nxd7 46. cxd7+ Kxd7 47. Rc5 Ke6 48. Rc8 Nd6 49. Rg8 Nf7 50. Rg6+ Ke7 51. Kf1 Kd7 52. Ke2 e4 53. Rg7 Ke6 54. Rxf7 Kxf7 55. Ke3 Ke6 56. Kxe4 Kd6 57. f4 gxf4 58. g5 1-0

[Event "Hoogeveen op 25th"]
[Site "Hoogeveen"]
[Date "2022.10.19"]
[Round "6"]
[White "Wolters, Vincent"]
[Black "Cuyvers, Jens"]
[Result "1/2-1/2"]
[WhiteElo "1882"]
[BlackElo "1765"]
[PlyCount "61"]
[EventDate "2022.10.15"]
[EventType "swiss"]
[EventRounds "9"]
[EventCountry "NED"]
[SourceTitle "CBM 210 Extra"]
[Source "ChessBase"]
[SourceDate "2022.11.30"]
[SourceVersion "1"]
[SourceVersionDate "2022.11.30"]
[SourceQuality "1"]

1. e4 e6 2. d4 d5 3. Nc3 dxe4 4. Nxe4 Nd7 5. Bd3 Ngf6 6. Nxf6+ Nxf6 7. Bg5 Be7 8. Nf3 h6 9. Bxf6 Bxf6 10. 0-0 0-0 11. c3 Bd7 12. Re1 Bc6 13. Qe2 Qd6 14. Rad1 Qf4 15. Be4 Bxe4 16. Qxe4 Qxe4 17. Rxe4 Rad8 18. Rde1 Rd7 19. Ne5 Bxe5 20. Rxe5 Rfd8 21. f4 Kf8 22. Kf2 Rd5 23. g4 Rxe5 24. Rxe5 Rd5 25. Re4 g6 26. c4 Ra5 27. a3 Ra4 28. c5 Rc4 29. b3 Rc2+ 30. Re2 Rc3 31. Re3 1/2-1/2

[Event "Groningen Combinatie op"]
[Site "Groningen"]
[Date "2018.05.13"]
[Round "7"]
[White "Keuning, Selwin"]
[Black "Wolters, Vincent"]
[Result "1-0"]
[WhiteElo "2013"]
[BlackElo "1848"]
[PlyCount "103"]
[EventDate "2018.05.10"]
[EventType "swiss"]
[EventRounds "7"]
[EventCountry "NED"]
[SourceTitle "CBM 184 Extra"]
[Source "ChessBase"]
[SourceDate "2018.06.28"]
[SourceVersion "1"]
[SourceVersionDate "2018.06.28"]
[SourceQuality "1"]

1. e4 e5 2. Nf3 Nc6 3. Nc3 Nf6 4. Bb5 d6 5. d4 exd4 6. Nxd4 Bd7 7. f3 Be7 8. Be3 h6 9. Qd2 Ne5 10. Be2 a6 11. Nd5 Nc6 12. Nxe7 Qxe7 13. 0-0-0 d5 14. exd5 Nxd5 15. Bf2 0-0-0 16. Rhe1 Qg5 17. Bc4 Nb6 18. Qxg5 hxg5 19. Bxf7 Rxh2 20. Ne6 Rdh8 21. Rg1 Ne5 22. Nxg5 Nxf7 23. Nxf7 Rf8 24. Ne5 Bf5 25. Bg3 Rh6 26. Rge1 Nd7 27. Nxd7 Bxd7 28. Re7 Rg6 29. Rdxd7 Rxg3 30. Rxc7+ Kd8 31. Rxg7 Rxg2 32. Rxg2 Kxc7 33. Rf2 Kd6 34. Kd2 Ke5 35. Ke3 Kf5 36. Rd2 Re8+ 37. Kf2 Re7 38. c4 Kf4 39. b4 Rh7 40. a4 Rh2+ 41. Ke1 Rh1+ 42. Ke2 Rb1 43. Rd4+ Ke5 44. Re4+ Kf5 45. c5 Ra1 46. a5 Rb1 47. Kd3 Rd1+ 48. Kc4 Rd7 49. b5 Rd1 50. bxa6 bxa6 51. c6 Ra1 52. Kb4 1-0

[Event "Groningen Combinatie op"]
[Site "Groningen"]
[Date "2016.05.05"]
[Round "1"]
[White "Maris, Ivo"]
[Black "Wolters, Vincent"]
[Result "1-0"]
[WhiteElo "2363"]
[BlackElo "1774"]
[PlyCount "61"]
[EventDate "2016.05.05"]
[EventType "swiss"]
[EventRounds "7"]
[EventCountry "NED"]
[SourceTitle "CBM 172 Extra"]
[Source "ChessBase"]
[SourceDate "2016.06.21"]
[SourceVersion "1"]
[SourceVersionDate "2016.06.21"]
[SourceQuality "1"]

1. Nf3 d5 2. d4 e6 3. c4 Nf6 4. g3 Bb4+ 5. Nbd2 c5 6. Bg2 Nc6 7. 0-0 0-0 8. cxd5 Nxd5 9. a3 Bxd2 10. Qxd2 cxd4 11. Nxd4 Bd7 12. b4 Nxd4 13. Qxd4 Bc6 14. Bb2 f6 15. Rfd1 Qe8 16. Rac1 a6 17. e4 Ne7 18. Qd6 Ng6 19. f4 Rd8 20. Qc5 Qe7 21. Bd4 Rd7 22. Qxe7 Nxe7 23. Bb6 Nc8 24. Rxd7 Bxd7 25. Bc5 Re8 26. e5 b6 27. Bd4 f5 28. Rc7 Bb5 29. Kf2 Rd8 30. Ke3 h6 31. Bb7 1-0

[Event "Brasschaat op 15th"]
[Site "Brasschaat"]
[Date "2015.08.18"]
[Round "4"]
[White "Van Ginneken, Maikel"]
[Black "Wolters, Vincent"]
[Result "0-1"]
[WhiteElo "1554"]
[BlackElo "1724"]
[PlyCount "60"]
[EventDate "2015.08.15"]
[EventType "swiss"]
[EventRounds "9"]
[EventCountry "BEL"]
[SourceTitle "EXT 2017"]
[Source "ChessBase"]
[SourceDate "2016.10.25"]
[SourceVersion "1"]
[SourceVersionDate "2016.10.25"]
[SourceQuality "1"]

1. d4 Nf6 2. Nf3 d5 3. c4 e6 4. Bf4 c5 5. Nc3 dxc4 6. e3 Nd5 7. dxc5 Qa5 8. Be5 Nc6 9. Qa4 f6 10. Qxa5 Nxa5 11. Nxd5 exd5 12. Bc3 Nc6 13. 0-0-0 Be6 14. Nd4 Bf7 15. Nxc6 bxc6 16. Bd4 Rb8 17. Kc2 Rb5 18. b3 Ra5 19. bxc4 Bxc5 20. Bxc5 Rxc5 21. Kc3 dxc4 22. Rb1 0-0 23. Be2 Rd8 24. a4 Ra5 25. Kb4 Rg5 26. Rhg1 Rb8+ 27. Ka3 Rd8 28. Kb4 Kf8 29. Bxc4 a5+ 30. Kc3 Rc5 0-1

[Event "Brasschaat op 15th"]
[Site "Brasschaat"]
[Date "2015.08.16"]
[Round "2"]
[White "Vande Ginste, Michiel"]
[Black "Wolters, Vincent"]
[Result "0-1"]
[WhiteElo "1536"]
[BlackElo "1724"]
[PlyCount "96"]
[EventDate "2015.08.15"]
[EventType "swiss"]
[EventRounds "9"]
[EventCountry "BEL"]
[SourceTitle "EXT 2017"]
[Source "ChessBase"]
[SourceDate "2016.10.25"]
[SourceVersion "1"]
[SourceVersionDate "2016.10.25"]
[SourceQuality "1"]

1. b3 d5 2. e3 e5 3. Bb2 Nc6 4. Bb5 Bd6 5. f4 Qe7 6. Nf3 f6 7. fxe5 fxe5 8. Bxc6+ bxc6 9. Nxe5 Ba6 10. d3 Qg5 11. Nf3 Qxe3+ 12. Kf1 Bc5 13. Qd2 Nf6 14. Nc3 0-0 15. Re1 Qxd2 16. Nxd2 Ng4+ 17. Nf3 Ne3+ 18. Rxe3 Bxe3 19. Ke2 Rae8 20. Ba1 Bc8 21. h3 Rf7 22. Kd1 Rfe7 23. d4 Bf4 24. Na4 Ba6 25. Nc3 Be2+ 26. Nxe2 Rxe2 27. Re1 Rxe1+ 28. Nxe1 g5 29. Nf3 h5 30. Ne5 Bxe5 31. dxe5 c5 32. b4 cxb4 33. Bd4 a5 34. Kd2 Kf7 35. Ke3 Ke6 36. Ba1 c5 37. c3 bxc3 38. Kd3 d4 39. Ke4 Rf8 40. g4 hxg4 41. hxg4 Rf1 42. Bxc3 dxc3 43. Kd3 Kxe5 44. Kxc3 Kf4 45. Kc4 Kxg4 46. Kxc5 Kh4 47. Kb5 g4 48. Kxa5 g3 0-1